[Event "Olympiad-42"]
[Site "Baku"]
[Date "2016.09.03"]
[Round "2.1"]
[White "Navara, David"]
[Black "Stefansson, Hannes"]
[Result "1-0"]
[WhiteElo "2742"]
[BlackElo "2574"]
[Annotator "Moradiabadi,E"]
[PlyCount "63"]
[EventDate "2016.09.02"]
[EventType "team-swiss"]
[EventRounds "11"]
[EventCountry "AZE"]
[SourceTitle "CBM 175"]
[Source "ChessBase"]
[SourceDate "2016.11.10"]
[SourceVersion "1"]
[SourceVersionDate "2016.11.10"]
[SourceQuality "1"]
[WhiteTeam "Czech Republic"]
[BlackTeam "Iceland"]
[WhiteTeamCountry "CZE"]
[BlackTeamCountry "ISL"]

1. d4 {We have another fine game from uncompromising, smart, and creative
Czech Super-GM, David Navara.} Nf6 2. c4 e6 3. Nc3 Bb4 4. e3 O-O 5. Bd3 d5 6.
cxd5 exd5 7. Nge2 {Not long ago this year, Navara lost a crucial game in the
European championship to Inarkiev, in the very same line.} Re8 {(498s)} (7...
c5 {is another classical choice here.} 8. a3 Bxc3+ 9. bxc3 {and now we have
transposed to the famous Botvinnik-Capablanca game!} b6 10. O-O Ba6 11. dxc5
bxc5 12. Bxa6 Nxa6 13. c4 dxc4 14. Qa4 (14. Bb2 Rb8 15. Qc1 Ne4 16. Rd1 $6 (16.
Bxg7 $1 $146 Kxg7 17. Qxc4 $16 {[%csl Ya6,Ye4][%cal Gc4a6,Gc4e4]}) 16... Qh4
$15 {1-0 (41) Tregubov,P (2625)-Fedorchuk,S (2656) Paris 2014}) 14... Qb6 15.
Qxc4 Rfd8 16. Ra2 Rac8 17. Rc2 Qe6 18. Qxe6 fxe6 19. Bb2 Nd5 20. Rfc1 Nb6 21.
Kf1 Kf7 22. Ke1 (22. Ng1 $1 $146 {[%cal Gg1f3,Gf3e5]}) 22... g6 23. Ng3 c4 24.
Ne4 Nc5 25. Nxc5 Rxc5 26. Bd4 Ra5 27. Bxb6 axb6 28. Rxc4 Rxa3 29. Rc7+ $14 {
1/2-1/2 (101) Duda,J (2658)-Ganguly,S (2652) Berlin 2015}) 8. O-O Bd6 (8... Bf8
{was Inarkiev's choice; we cannot know what Navara's improvement was to be, at
least this time!} 9. Bd2 b6 10. Nf4 Bb7 11. Qf3 a6 12. Rad1 Ra7 13. Bc2 c5 14.
dxc5 bxc5 15. Qh3 g6 16. Nce2 Bc6 17. Bc3 Nbd7 18. Bb3 Qa8 19. g4 Ne5 20. g5 d4
21. f3 dxc3 22. gxf6 c4 23. Bc2 Nxf3+ 24. Kf2 cxb2 25. Qg3 Qb8 26. Nc3 Ne5 27.
h4 Rd7 28. h5 Qd8 29. hxg6 fxg6 30. Rxd7 Qxd7 31. Kg1 Kf7 32. Ne4 Bh6 33. Qh4
Bxe4 34. Bxe4 Qg4+ 35. Qxg4 Nxg4 36. Bd5+ Kxf6 37. Nxg6+ Kg5 {0-1 (37) Navara,
D (2735)-Inarkiev,E (2686) Gjakova 2016}) 9. Bd2 a6 10. Rc1 b6 {(347s)
Stefansson, follows Inarkiev's idea, with the difference of having his bishop
on d6.} (10... Nbd7 11. Ng3 b6 12. Nce2 (12. Nf5 Bf8) 12... c5 13. dxc5 bxc5
14. Bc3 Ne5 15. Bb1 Bb7 16. Nf4 d4 (16... Ned7 $5 17. Nf5 Bxf4 18. exf4 d4 19.
Bd2 Qb6 $15) 17. exd4 (17. Bd2 Qb6 18. exd4 cxd4 19. Nd3 Nxd3 20. Bxd3 Bxg3 21.
hxg3 Be4 22. Bxe4 Nxe4 23. b3 Rad8 24. Rc4 d3 25. Be3 Qa5 26. Bd4 d2 27. Qc2
Nxg3 28. fxg3 Re1 29. Ra4 Qb5 {0-1 (29) Shimanov,A (2593)-So,W (2760) Las
Vegas 2015}) 17... Nf3+ 18. gxf3 Bxf4 19. dxc5 Bxc1 20. Qxc1 Qd5 21. Ne4 Nxe4
22. Bxe4 Rxe4 23. fxe4 Qxe4 24. f3 Qg6+ 25. Kh1 Qf5 26. Qe3 f6 $13 {[%csl Yh1]
[%cal Gg8f7,Ga8e8]}) 11. Ng3 $1 $146 (11. f3 Bb7 12. Qe1 (12. e4 $5 dxe4 13.
fxe4 Nxe4 14. Nxe4 Bxe4 15. Bc4 Bg6 16. Nf4 Bxf4 17. Bxf4 c6 18. Bb3 a5 19. Rc3
Ra7 20. d5 $13) 12... c5 13. g4 Nc6 14. Qh4 g6 15. g5 Nh5 16. f4 Be7 $1 {
[%cal Gh7h6]} 17. Qf2 Ng7 18. f5 Bxg5 19. fxg6 fxg6 20. Qf7+ Kh8 21. Qxb7 Nb4
22. Rf7 Rb8 23. Qa7 Ra8 24. Qb7 Rb8 25. Qa7 Ra8 {1/2-1/2 (25) Valsecchi,A 
(2466)-Zhigalko,A (2585) Padova 2015}) 11... c5 12. Bb1 {Now it is clear why
the bishop is better on f8: in the event of Nf5, the bishop on d6 will not be
under attack and Black can parry any attack on kingside by means of g6.} Be6 $6
{Not the best square for this bishop.} (12... Bb7 13. dxc5 bxc5 {and now the
bishop is correctly placed on b7 in a position which harmonises well with
Black's hanging pawns.}) 13. dxc5 Bxc5 {Sad necessity.} (13... bxc5 {seems
more plausible but it is not tactically justified.} 14. e4 (14. Na4 c4) 14...
d4 15. Na4 c4 16. f4 {and Black's pieces are getting in the way of each other.
White's initiatve will soon become overwhelming.}) 14. Nce2 {This is not one
of those 'isolated' d-pawns. Black's pieces are not correctly placed and his
a6-b6 pawns moves are nothing but permanent weaknesses.} Nbd7 15. Bc3 Bd6 16.
Nd4 Rc8 17. Qe2 b5 18. Nxe6 fxe6 19. e4 Bf4 $6 {There is no need for this
provocative move.} (19... Be5 {directly could help black to neutralize White's
edge.}) 20. Rce1 Be5 21. Bxe5 Nxe5 22. f4 $1 {The key! Now White has all of
his pieces mobilised for a kingside attack. The bishop on b1 will turn into a
monster very soon.} Qb6+ $2 {This just makes things worse.} 23. Kh1 Ng6 24. e5
Nd7 25. Qh5 Ndf8 26. f5 {It is all over now.} exf5 27. Nxf5 Rcd8 28. Nd6 Re6
29. Qf3 Nxe5 30. Rxe5 $1 {An elegant finish!} Qxd6 31. Qf7+ Kh8 32. Rxd5 $1 {
A crushing victory for Navara. Although, we should admit that Stefansson did
really make only one mistake, nevertheless it was enough for Navara to wrap up
the game convincingly. With this win, Navara sealed the deal in the Czech
Republic's favour: 3-1 against Iceland!} 1-0

[Event "Brussels"]
[Site "Brussels"]
[Date "1987.04.24"]
[Round "11"]
[White "Kasparov, Garry"]
[Black "Tal, Mihail"]
[Result "1-0"]
[WhiteElo "2735"]
[BlackElo "2605"]
[Annotator "Nikitin,A"]
[PlyCount "61"]
[EventDate "1987.04.10"]
[EventType "tourn"]
[EventRounds "11"]
[EventCountry "BEL"]
[EventCategory "14"]
[SourceTitle "CBM 002"]
[Source "ChessBase"]
[SourceDate "1988.02.01"]
[SourceVersion "1"]
[SourceVersionDate "1988.02.01"]
[SourceQuality "1"]

1. d4 Nf6 2. c4 e6 3. Nc3 Bb4 4. e3 O-O 5. Bd3 d5 6. cxd5 exd5 7. Nge2 c5 8.
O-O Nc6 9. a3 cxd4 10. exd4 $5 (10. axb4 dxc3 11. b5 Ne5 12. Nxc3 Bg4 13. f3 d4
14. Bxh7+ Nxh7 15. exd4 Nxf3+ 16. gxf3 Bh3 17. Re1) 10... Bxc3 (10... Be7 11.
f3 $1 {[%cal Yc1f4,Yd1d2,Yg2g4,Yg1h1,Yf1g1,Ye2g3]}) 11. bxc3 $1 {[%csl Gd4]} (
11. Nxc3 Nxd4 12. Bxh7+ Kxh7 13. Qxd4) 11... Ne7 {[%cal Yc8f5]} (11... h6 12.
f3 {[%csl Rh6][%cal Yg2g4,Yg1h1,Yf1g1]}) (11... Bg4 $142 12. Bg5 $1 Qd6 $140 $2
13. Qb1 $1 {[%csl Rb7,Rh7]}) 12. Qc2 (12. Bg5 Ne4 13. Bh4 Nd6) 12... Bd7 13.
Bg5 $1 Ng6 14. f4 h6 (14... Re8 15. f5 Nf8 16. Nf4 Bc6 17. Nh5 N8d7 18. Rf3)
15. Bxf6 Qxf6 16. f5 $1 Ne7 17. Ng3 Nc8 (17... Kh8 {[%cal Ye7g8,Yg8f6]} 18. Nh5
Qg5 19. f6 $1 Qxh5 20. fxe7 Rfe8 21. Rae1 Be6 22. Rxe6 $1 $18) (17... Qg5 18.
Rf3 $1) 18. Rf4 $1 (18. Rf3 Kh8) 18... Nd6 (18... Qd6 19. f6 $3 Qxf4 20. Bh7+
Kh8 21. fxg7+ Kxg7 22. Nh5+ Kh8 23. Nxf4 $18) 19. Qf2 $1 Rfe8 (19... Ne8 20.
Nh5 Qg5 21. h4 $1 Qxh5 22. g4 $1) (19... Qd8 20. f6 (20. h4 $1) 20... g5 21.
Nh5 $1) 20. Nh5 Qd8 21. Nxg7 $1 Ne4 (21... Kxg7 22. f6+ Kh8 23. Qh4) 22. Bxe4
Rxe4 23. f6 Kh7 24. Rxe4 dxe4 25. Qf4 Bc6 26. Re1 $1 (26. Qf5+ Kh8 (26... Kg8
$2 27. Ne6 $1) 27. Rf1 (27. Ne6 $2 fxe6 28. Qg6 Qf8 $1 $17) 27... Qd5) 26...
Qf8 27. c4 $1 (27. Re3 Qxa3 28. Rh3 Qa1+ $13) 27... Qxa3 28. Nf5 Qf8 29. Re3
Bd7 30. Rg3 Bxf5 31. Qxf5+ (31. Qxf5+ Kh8 32. Rg7) 1-0

[Event "Olympiad-31"]
[Site "Moscow"]
[Date "1994.12.03"]
[Round "3.1"]
[White "Rogers, Ian"]
[Black "Ivanchuk, Vassily"]
[Result "0-1"]
[WhiteElo "2560"]
[BlackElo "2695"]
[Annotator "Notkin,M"]
[PlyCount "68"]
[EventDate "1994.12.01"]
[EventType "team-swiss"]
[EventRounds "14"]
[EventCountry "RUS"]
[SourceTitle "CBM 045"]
[Source "ChessBase"]
[SourceDate "1995.04.01"]
[SourceVersion "1"]
[SourceVersionDate "1995.04.01"]
[SourceQuality "1"]
[WhiteTeam "Australia"]
[BlackTeam "Ukraine"]
[WhiteTeamCountry "AUS"]
[BlackTeamCountry "UKR"]

1. d4 {Dautov} Nf6 2. c4 e6 3. Nc3 Bb4 4. e3 c5 5. Bd3 Nc6 6. Nge2 cxd4 7. exd4
d5 8. cxd5 Nxd5 9. O-O O-O 10. Bc2 Bd6 11. Ne4 Be7 12. a3 Qc7 $5 (12... Qb6 $6
13. Qd3 g6 14. Rd1 Rd8 15. Qf3 e5 $2 16. Ng5 Nf6 17. Qb3 {Dautov} Qxb3 18. Bxb3
$16 {Salov-Timman (03)/Sanghi Nagar Fide cm/1994}) (12... Re8 13. Qd3 g6 14.
Bh6 b6 15. Rad1 Bb7 16. Rfe1 Rc8 17. N2c3 (17. Bb3 a6 18. N2g3 Nb8 (18... Na5
$13 {Huebner/}) (18... Bh4 $32 {/\Nce7 Suba/}) 19. Qf3 Rc7 $2 20. Nh5 $18 {
Kamsky,G-Short,N (5)/Linares PCA qual/1994/1:0/26/}) 17... Na5 18. Qg3 Nc4 19.
Ba4 Bc6 $10 {Shirov,A-Psakhis,L/Klaipeda/1988/0:1/68/}) (12... e5 13. dxe5 Nxe5
14. Nf4 Nxf4 15. Bxf4 Ng6 16. Be3 Be6 17. Qh5 Qd5 $10 {Malisauskas,V-Serper,G/
Miedzybrodzie/1991/0,5/28/}) 13. Qd3 Rd8 14. Ng5 $6 (14. Bg5 $2 f5 15. Bxe7
fxe4 16. Bxd8 (16. Qxe4 Ncxe7 17. Qxh7+ Kf8 $17) 16... exd3 17. Bxc7 dxe2 $17)
14... g6 15. Qf3 (15. Qh3 $142 Nf6 (15... Bxg5 16. Bxg5 f6 17. Bh6 e5 18. Qf3
exd4 19. Bb3 Be6 20. Rad1 $36) (15... h5 16. Qf3 Bf6 17. Rd1 Bg7 18. Bb3 $14)
16. Qh4 $13 {Dautov} (16. Bf4 e5 $19 (16... e5 17. Qb3 exf4 18. Qxf7+ Kh8 19.
Nxh7 Nxh7 20. Nxf4 Bf5 21. Nxg6+ Bxg6 22. Qxg6 Bf8 $19)) (16. Bb3 Nxd4 17. Nxd4
Rxd4 18. Re1 Qc6 19. Be3 Rd3 $17) (16. Be3 e5 17. Qg3 Nh5 18. Qf3 Bxg5 19. Bxg5
Nxd4 20. Nxd4 Rxd4 $17) (16. Rd1 $2 Nxd4 $1 17. Nxd4 Qxc2 $1 $17)) 15... Bf6 (
15... Nf6 $2 16. Bf4 e5 17. dxe5 Nxe5 18. Qb3) 16. Rd1 Bg7 $15 17. Bb3 h6 18.
Ne4 Nce7 19. N4c3 $6 {? Dautov} (19. Be3 Nf5 (19... Bd7 {Dautov} 20. Rac1 Bc6
21. Qh3 Nf5 $10) 20. Rac1 Qb6 21. Nc5 $15) (19. Qh3 $5 {Dautov} e5 20. Qf3 Bf5
$10 (20... f5 21. N4c3 e4 22. Qh3 Kh7 23. Bg5 $36)) (19. N2c3 $5 $10 {Dautov /\
} Nf5 20. Be3) 19... Nxc3 20. bxc3 (20. Nxc3 Nf5 $17 (20... Qb6 {Dautov} 21.
Na4 Qc6 $15) (20... Nf5 21. d5 Nd4 (21... e5 $5) 22. Rxd4 Bxd4 23. Bxh6 Qb6 24.
Rd1 $44)) 20... Qc6 21. Qxc6 $6 (21. Qg3 {Dautov} b6 $15 {/\Bb7}) 21... Nxc6
$17 22. Be3 Na5 23. Ba2 b6 24. d5 Ba6 25. Ng3 e5 (25... exd5 {Dautov} 26. Bxd5
Rac8 27. Ne4 Bc4 28. Bxc4 Nxc4 29. Bd4 f5 $17) 26. f4 Nc4 27. Bc1 (27. Bxc4
Bxc4 28. d6 (28. fxe5 Bxe5 29. Bxh6 Bxd5) 28... f5 $17) 27... exf4 28. Bxf4 Nb2
$19 29. Bc7 (29. Rd2 {Dautov} Bxc3 30. Rc2 Bd4+ 31. Kh1 Nd3 $19) 29... Nxd1 30.
Rxd1 (30. Bxd8 {Dautov} Nxc3 $19) 30... Rd7 31. d6 Rc8 32. Bd5 Be5 33. Ne4 Kg7
34. Re1 (34. Bc6 $2 {Dautov} Rcxc7 $19) 34... Rcxc7 0-1

[Event "Tashkent FIDE GP"]
[Site "Tashkent"]
[Date "2014.10.27"]
[Round "6"]
[White "Jobava, Baadur"]
[Black "Jakovenko, Dmitrij"]
[Result "1/2-1/2"]
[WhiteElo "2717"]
[BlackElo "2747"]
[Annotator "Postny,E"]
[PlyCount "73"]
[EventDate "2014.10.21"]
[EventType "tourn"]
[EventRounds "11"]
[EventCountry "UZB"]
[EventCategory "21"]
[SourceTitle "CBM 163"]
[Source "ChessBase"]
[SourceDate "2014.11.11"]
[SourceVersion "1"]
[SourceVersionDate "2014.11.11"]
[SourceQuality "1"]

1. d4 Nf6 2. c4 e6 3. Nc3 Bb4 4. e3 O-O 5. Bd3 d5 {The most solid reply.} 6.
cxd5 exd5 7. Nge2 {It's recommended to develop the knight here, rather than on
f3. In future White may go forward by f2-f3 and e3-e4.} Re8 8. O-O Bf8 (8...
Bd6 9. f3 (9. Bd2 {is a bit more flexible.}) 9... c5 10. Nb5 Bf8 11. dxc5 Bxc5
12. Nbd4 Nc6 $11 {1/2-1/2 (89) Gelfand,B (2736)-Carlsen,M (2714) Moscow 2007})
9. Bd2 c6 {Another plan is b7-b6 followed by c7-c5 where Black might get two
hanging pawns in the centre.} (9... b6 10. Rc1 c5 11. Nf4 Ba6 12. Qf3 (12. Bxa6
Nxa6 13. Qf3 cxd4 14. exd4 Nc7 15. Rfe1 Qd7 16. h3 b5 $11 {1/2-1/2 (36)
Arizmendi Martinez,J (2544)-Edouard,R (2674) Linares 2014}) 12... Bxd3 13. Nxd3
Nc6 14. dxc5 bxc5 15. Rfd1 c4 16. Nf4 Ne5 17. Qh3 Rb8 $132 {0-1 (35) Nakamura,
H (2774)-Gelfand,B (2733) Monte Carlo 2011}) 10. Rc1 (10. Qc2 a5 11. Rad1 Na6
12. a3 b5 {This is committal as the Pc6 is now weak.} (12... Nc7 {[%cal Gc7e6]
is perfectly playable for Black.}) 13. Bc1 b4 14. Na4 Bd7 15. Ng3 c5 16. Bxa6
Bxa4 17. Qxa4 Rxa6 18. dxc5 Bxc5 19. axb4 Bxb4 20. b3 $14 {1-0 (50) Epishin,V 
(2578)-Belikov,V (2502) Dortmund 2001}) 10... a5 $146 (10... g6 $6 {This move
is not necessary at this moment.} 11. f3 c5 12. dxc5 Bxc5 13. Nb5 Qb6 14. Kh1
Nc6 (14... Bd7 15. b4 Bxe3 16. Bxe3 Qxe3 17. Nc7 $16) 15. Rxc5 $1 Qxc5 16. Nc7
Be6 17. Nxa8 Rxa8 18. Bc3 Nd7 19. Nd4 $16 {1-0 (41) Short,N (2680)-Morrison,G 
(2351) England 2014}) 11. f3 c5 {The standard reaction to White's last move,
as the a7-g1 diagonal is now weakened.} 12. Be1 $5 {Baadur is eager to
transfer the bishop to h4, without caring too much about the Pe3.} (12. dxc5
Bxc5 13. Nd4 {is more positional stuff. Objectively, White is slightly better.
Here is what could follow:} Nc6 (13... Bd7 14. Na4 (14. Ncb5 Qb6 {is okay for
Black.}) 14... Bxd4 15. exd4 Nc6 {is slightly preferable for White thanks to
the pair of bishops that might become active in the long run.}) 14. Ncb5 Qb6
15. Nc7 $1 Bxd4 16. Nxa8 Bxe3+ 17. Bxe3 Qxe3+ 18. Kh1 {The knight is coming
out via c7, so the extra exchange should tell.}) 12... Rxe3 {Accepting the
challenge.} ({It's wrong for Black to close the centre by} 12... Nc6 13. Qd2 $1
c4 $6 {After} 14. Bb1 {[%cal Ge3e4,Ge1h4] followed by e3-e4, White will get a
promising initiative.}) 13. Bh4 (13. Bf2 cxd4 14. Nxd4 (14. Bxe3 $6 dxe3 {
is in Black's favour.}) 14... Re8 {White has positional compensation for the
pawn, but hardly more than that.}) 13... Nc6 14. Nf4 (14. Bxf6 $6 gxf6 {
would spoil Black's structure, but White can't really benefit from that.
Meanwhile, he is a pawn down.}) 14... Be6 (14... cxd4 $6 15. Ncxd5 Re5 16. Bc4
Be7 17. Nxe7+ Rxe7 18. Bxf6 gxf6 19. Qd2 {is dangerous for Black. The king is
really vulnerable.}) 15. dxc5 Bxc5 16. Kh1 Be7 {Jakovenko plays it safe.} (
16... Qd6 17. Nxe6 (17. Bxf6 $2 Qxf4) 17... Rxe6 18. Nb5 Qe7 19. Qc2 Bb6 20.
Bxh7+ Kh8 21. Bf5 Re2 22. Qd3 Nb4 23. Qb1 $14) 17. Bxf6 Bxf6 18. Ncxd5 Bxd5 19.
Nxd5 Re8 (19... Bxb2 20. Nxe3 Bxc1 21. Bxh7+ Kxh7 22. Qxc1 {is likely to be
equal as well, even though Black's king here is less safe than his counterpart.
}) 20. Qb3 Be5 $1 21. Qxb7 Ne7 {Eliminating White's annoying knight; Black
neutralises the opponent's initiative.} (21... Qh4 $4 22. f4 $18) 22. f4 (22.
Nxe7+ Rxe7 23. Qc6 g6 24. Rcd1 Rc8 25. Bc4 Qf8 26. Qa6 Bxb2 27. f4 Rc5 $11)
22... Qxd5 23. Qxd5 Nxd5 24. fxe5 Ne3 {An important intermediate move before
capturing the Pe5.} (24... Rxe5 $2 25. Rc5) 25. Rf4 (25. Be4 Nxf1 26. Bxa8 Rxa8
27. Rxf1 Kf8 {Black is a pawn down, but will have no troubles to secure a draw
here. The king will attack the Pe5 and the rook is coming out to c8 or d8.})
25... Rad8 26. e6 {Baadur is very creative and finds a small tactical trick
even in such a "dry" position. However, the game is heading to a draw anyway.}
Rxe6 27. Rd4 Ree8 28. Rxd8 Rxd8 29. Kg1 g6 30. Be4 Rd2 ({Black could win a
pawn by the exchange of rooks:} 30... Rd1+ 31. Rxd1 Nxd1 {However, after} 32.
Bc2 Nxb2 33. Kf2 Nc4 34. Kf3 Nd6 35. Ke3 f5 36. Kd4 {White's king is becoming
very active and might capture the Pa5 soon.}) 31. Rc3 Ng4 32. Bf3 Ne5 33. Ra3
Rxb2 34. Rxa5 Nxf3+ {The final exchange of the minor pieces seals the verdict:
drawish.} 35. gxf3 Kg7 36. Ra6 Kh6 37. Ra7 1/2-1/2

[Event "Rohde op 09th"]
[Site "Sautron"]
[Date "2009.10.31"]
[Round "9"]
[White "Milanovic, Danilo"]
[Black "Spassov, Liuben"]
[Result "1-0"]
[WhiteElo "2533"]
[BlackElo "2434"]
[Annotator "Primel,D"]
[PlyCount "111"]
[EventDate "2009.10.24"]
[EventType "swiss"]
[EventRounds "9"]
[EventCountry "FRA"]
[SourceTitle "EXT 2010"]
[Source "ChessBase"]
[SourceDate "2010.11.25"]
[SourceVersion "1"]
[SourceVersionDate "2010.11.25"]
[SourceQuality "1"]

1. d4 Nf6 2. c4 e6 3. Nc3 Bb4 4. e3 O-O (4... c5) 5. Bd3 d5 6. cxd5 {Une ligne
secondaire} exd5 7. Nge2 Re8 8. a3 (8. O-O Bd6 {[%cal Gd6h2,Gf6g4]}) 8... Bd6
$1 {[%cal Gd6h2,Gf6g4]} 9. b4 (9. Ng3) 9... a6 $146 {un peu passif mais les
noirs veulent réagir par c5} ({RR} 9... Bg4 10. f3 Bh5 11. Ng3 Bg6 12. Nf5 Bf8
13. Ne2 c6 14. Rb1 Nbd7 15. O-O Nb6 16. g4 Nc8 17. Nf4 Nd6 18. Qc2 Rc8 19. Bd2
Bxf5 20. gxf5 b5 21. Rbe1 Nc4 22. Bxc4 bxc4 23. Bc3 Bd6 24. Nh3 {Milanovic,D 
(2553)-Cvitan,O (2541)/Zadar 2008/Mega2009 Update 01/1-0 (52)}) (9... c6 $142 {
Gofshtein,L (2541)-Kolev,A (2567) Navalmoral op 2007 (9) 0-1}) (9... a5) 10. f3
{[%cal Ge3e4]} b6 {[%cal Gc7c5]} 11. O-O c5 $132 12. Rb1 Nc6 13. Na2 $2 Qc7 (
13... c4 $5 14. Bc2 Qc7 $36 {[%cal Gd6h2]} 15. g3 Bh3) 14. g3 h5 15. Rf2 Bh3
16. Bd2 Ne7 17. Kh1 Bf5 18. Qc2 cxd4 19. Qxc7 Bxc7 20. Bxf5 Nxf5 $2 (20... dxe3
$1 {[%cal Ge8e3,Ge7f5]} 21. Bxe3 Nxf5 $40) 21. exd4 b5 22. Nac1 Ne3 (22... Re6
$5 {[%cal Ga8e8]}) 23. Nd3 Nc4 {[%csl Gc4]} 24. Bc1 Bd6 25. Nc3 Rac8 26. Rb3
Ne3 27. Bxe3 Rxe3 28. Nd1 Re7 29. Rd2 Rc4 30. Nc5 $132 a5 31. Kg2 (31. bxa5)
31... axb4 32. axb4 g6 33. Kf2 h4 34. Nc3 hxg3+ 35. hxg3 Nh5 36. f4 Bxc5 37.
bxc5 {[%csl Rb5]} Nxg3 $1 38. Nxd5 (38. Kxg3 Re3+ {[%csl Rc3]}) 38... Ne4+ 39.
Ke1 Nxd2+ $2 {[%cal Gd2b3] Dommage pour le bulgare qui avait dominé la partie}
(39... Re6 $1 {[%cal Ge4d2]} 40. Rdd3 Nxc5+ $1) 40. Nxe7+ Kf8 41. Kxd2 $16 Kxe7
42. Kd3 Ke6 43. Rxb5 Rc1 44. Rb6+ Kf5 45. Rd6 f6 46. c6 g5 47. fxg5 fxg5 48. d5
g4 49. Re6 g3 50. Re2 Kf4 51. Kd4 Kf3 52. Re8 Rd1+ 53. Kc5 g2 54. Rg8 g1=Q+ 55.
Rxg1 Rxg1 56. d6 1-0

[Event "EU-chT (Men) 12th"]
[Site "Batumi"]
[Date "1999.12.07"]
[Round "9.4"]
[White "Georgiev, Vladimir"]
[Black "Psakhis, Lev"]
[Result "0-1"]
[WhiteElo "2519"]
[BlackElo "2581"]
[Annotator "Psakhis,L"]
[PlyCount "62"]
[EventDate "1999.11.06"]
[EventType "team-swiss"]
[EventRounds "9"]
[EventCountry "GEO"]
[SourceTitle "CBM 074"]
[Source "ChessBase"]
[SourceDate "2000.02.01"]
[SourceVersion "1"]
[SourceVersionDate "2000.02.01"]
[SourceQuality "1"]
[WhiteTeam "Bulgaria"]
[BlackTeam "Israel"]
[WhiteTeamCountry "BUL"]
[BlackTeamCountry "ISR"]

1. d4 e6 2. c4 Nf6 3. Nc3 Bb4 4. e3 O-O 5. Bd3 c5 6. Nge2 Nc6 7. O-O cxd4 8.
exd4 d5 9. cxd5 Nxd5 10. Nxd5 exd5 11. Nf4 Bd6 (11... Be7 12. Be3 Bf6 13. Rc1
g6 14. Rc5 Nb4 15. Bb1 b6 16. Rc3 Bb7 17. a3 Nc6 18. Ba2 Ne7 19. Qf3 Nf5 20.
Rd1 Re8 21. Bxd5 Bxd5 22. Nxd5 Bxd4 23. Nc7 Nxe3 24. fxe3 Rxe3 25. Rxd4 Re1+
26. Kf2 {Georgiev,V-Sulskis,S/Cappelle la Grande op 1999/1-0 (49)}) 12. Be3
$146 (12. Re1 g6 (12... Qf6 13. Nxd5 Qxd4 14. Be3 Qh4 15. g3 Qd8 16. Qc2 h6 17.
Rad1 Bg4 18. Be2 Bxe2 19. Rxe2 Re8 20. Qb3 $36 {1-0 Chiburdanidze,M-Hansen,S/
Lippstadt 1997 (45)}) 13. Bc2 Nb4 14. Bb1 Qf6 15. a3 ({RR} 15. g3 Be6 16. Be3
Nc6 17. Nxe6 fxe6 18. a3 Bc7 19. Qd3 Bb6 20. Rd1 Ne7 21. Bf4 Nc6 22. Be3 Ne7
23. Bf4 Nc6 {1/2-1/2 Georgiev,V-Stohl,I/BL 1999 (23)}) 15... Bxf4 16. Bxf4 Qxf4
17. axb4 Bg4 18. f3 Be6 19. g3 Qd6 20. Qd2 Rfc8 21. Bd3 Qb6 22. Bf1 Rc7 $11 {
Lerner-Razuvaev/Moskva 1986/1/2-1/2 (41)}) 12... g6 (12... Nb4 $5 13. Bb1 Qf6 {
[%cal Gc8f5]} 14. Qh5 g6 15. Qh6 (15. Nxd5 $2 Qe6 $19) 15... Re8 {[%cal Gd6f8]}
16. Nh5 (16. a3 Bf8) 16... Qh8 $8 17. Nf4 Qf6 $11) 13. Rc1 (13. Qf3 Be6) 13...
Ne7 {[%cal Gc8f5]} 14. Qf3 (14. Qb3 b6 15. Rc3 Bb7 16. Rfc1 Qd7 $13) 14... Be6
$5 15. Rc3 (15. h3 $5 Qd7 16. g4 Rac8 $11) 15... Qd7 16. Nh5 $2 {[%mdl 8192]} (
16. Nxe6 fxe6 17. Qg4 Nf5 $11) 16... gxh5 17. Qf6 {[%cal Re3h6]} Qd8 $1 (17...
Nf5 $2 18. Bxf5 Qd8 19. Qxd8 Raxd8 20. Bd3 $14) 18. Bxh7+ (18. Bg5 $5 Ng6 (
18... Nf5 19. Qxd8 Rfxd8 20. Bxd8 Rxd8 21. Bxf5 Bxf5 $19) 19. Qxd8 Rfxd8 20.
Bxd8 Rxd8 21. g3 h4 22. f4 f5 $19) 18... Kxh7 19. Qh6+ Kg8 20. Bg5 Nf5 $1 21.
Qxh5 Ng7 22. Qh6 Nf5 23. Qh5 Ng7 24. Qh6 f6 25. Bh4 Rf7 {[%cal Gg7f5]} 26. Re1
Nf5 (26... Bb4 $5 $19) 27. Qh5 (27. Qg6+ Rg7 28. Qxf6 Rxg2+ $1 29. Kf1 Qxf6 30.
Bxf6 Rg6 31. Rxe6 Kf7 $19) 27... Qd7 28. Qg6+ Rg7 29. Qxf6 Bf7 30. Rf3 (30. Rh3
Be7 $19 (30... Rg6 $4 31. Qh8+ Kxh8 32. Bf6+ Kg8 33. Rh8#)) 30... Nxh4 31. Qxh4
Qg4 0-1